[Documentos : (Registro nro. 4667)
[ vista simple ]
| 000 -LEADER | |
|---|---|
| fixed length control field | 00966nam a2200229Ia 4500 |
| 003 - CONTROL NUMBER IDENTIFIER | |
| control field | OSt |
| 005 - DATE AND TIME OF LATEST TRANSACTION | |
| control field | 20201111125557.0 |
| 008 - FIXED-LENGTH DATA ELEMENTS--GENERAL INFORMATION | |
| fixed length control field | 191128m19741975ck gr 000 0 spa d |
| 040 ## - CATALOGING SOURCE | |
| Original cataloging agency | CO-JMCR |
| Transcribing agency | CO-JMCR |
| 041 0# - LANGUAGE CODE | |
| Language code of text/sound track or separate title | spa |
| 082 04 - DEWEY DECIMAL CLASSIFICATION NUMBER | |
| Classification number | 320.9861 / |
| Item number | L925d |
| Edition number | 23 |
| 110 1# - MAIN ENTRY--CORPORATE NAME | |
| Corporate name or jurisdiction name as entry element | Colombia. |
| Subordinate unit | Presidente (1974-1978 : López Michelsen) |
| 9 (RLIN) | 12321 |
| 245 10 - TITLE STATEMENT | |
| Title | [Documentos : |
| Remainder of title | discursos] / |
| Statement of responsibility, etc. | Alfonso López Michelsen |
| 260 ## - PUBLICATION, DISTRIBUTION, ETC. | |
| Place of publication, distribution, etc. | Bogotá : |
| Name of publisher, distributor, etc. | Presidencia de la República, |
| Date of publication, distribution, etc. | 1974 |
| 300 ## - PHYSICAL DESCRIPTION | |
| Extent | 2 volúmenes ; |
| Dimensions | 23 cm. |
| 490 0# - SERIES STATEMENT | |
| Series statement | Documentos ; |
| Volume/sequential designation | 1-12 |
| -- | 13-21 |
| 505 0# - FORMATTED CONTENTS NOTE | |
| Formatted contents note | Mandato claro para un gobierno de centro-izquierda -- Nuevo acento en las relaciones internacionales -- Solución para los problemas del Llano -- Tradición de legalismo y civilidad de las Fuerzas Armadas |
| 600 14 - SUBJECT ADDED ENTRY--PERSONAL NAME | |
| Personal name | López Michelsen, Alfonso, |
| 9 (RLIN) | 12322 |
| 651 1# - SUBJECT ADDED ENTRY--GEOGRAPHIC NAME | |
| Geographic name | Colombia |
| General subdivision | política económica |
| Chronological subdivision | 1974-1978 |
| 9 (RLIN) | 12323 |
| 651 1# - SUBJECT ADDED ENTRY--GEOGRAPHIC NAME | |
| Geographic name | Colombia |
| General subdivision | política y gobierno |
| Chronological subdivision | 1974-1978 |
| 9 (RLIN) | 12324 |
| 942 ## - ADDED ENTRY ELEMENTS (KOHA) | |
| Source of classification or shelving scheme | Dewey Decimal Classification |
| Koha item type | Books |
| Withdrawn status | Lost status | Source of classification or shelving scheme | Damaged status | Not for loan | Collection code | Home library | Current library | Date acquired | Source of acquisition | Full call number | Barcode | Date last seen | Copy number | Koha item type | Total Checkouts | Price effective from |
|---|---|---|---|---|---|---|---|---|---|---|---|---|---|---|---|---|
| Dewey Decimal Classification | Non-fiction | Biblioteca Pública José María del Castillo y Rada | Biblioteca Pública José María del Castillo y Rada | 04/15/2018 | Donación | 320.9861 / L925d | 430000462 | 05/16/2024 | v.1 / Ej.1 | Books | ||||||
| Dewey Decimal Classification | Non-fiction | Biblioteca Pública José María del Castillo y Rada | Biblioteca Pública José María del Castillo y Rada | 04/15/2018 | Donación | 320.9861 / L925d | 430000400 | 05/16/2024 | v.2 / Ej.1 | Books | 11/11/2020 |